LEADER 00927nam0 22002651i 450 001 UON00193627 005 20231205103225.161 100 $a20030730d1951 |0itac50 ba 101 $aeng 102 $aGB 105 $a|||| 1|||| 200 1 $aAlexander Pope$fby Bonamy Dobrée 210 $aLondon$cSylvan Press$d1951 215 $a120 p.$d22 cm. 606 $aPOPE ALEXANDER$3UONC039714$2FI 620 $aGB$dLondon$3UONL003044 676 $a821.7$cPoesia inglese. 1800-1837$v21 700 1$aDOBRÉE$bBonamy$3UONV120502$0387349 712 $aSylvan Press$3UONV273669$4650 801 $aIT$bSOL$c20240220$gRICA 899 $aSIBA - SISTEMA BIBLIOTECARIO DI ATENEO$2UONSI 912 $aUON00193627 950 $aSIBA - SISTEMA BIBLIOTECARIO DI ATENEO$dSI Angl IV B POP-DOB $eSI MR 34007 5 996 $aAlexander Pope$9481596 997 $aUNIOR LEADER 01769nam 2200277la 450 001 9910481481603321 005 20230503102748.0 035 $a(UK-CbPIL)2090359953 035 $a(CKB)5500000000105700 035 $a(EXLCZ)995500000000105700 100 $a20230503d1516 uy | 101 0 $alat 135 $aurcn||||a|bb| 200 10$aCla. Ptolemaei Inerrantium stellarum significationes per Nicolaum Leonicum e? graeco translatae. 12. Romanorum menses in ueteribus monimentis Romae reperti. Sex priorum mensium digesto ex sex Ouidij Fastorum libris excerpta. P. Ouidij Nasonis Fastorum lib. 6. Tristium lib. 5. De Ponto lib. 4. In Ibin. Ad Liuiam. -Venezia: eredi di Aldo Manuzio 1. e Andrea Torresano 1. (Venetijs: in aedibus Aldi, et Andreae soceri, mense Ianuario 1516) 210 $aItaly $c[s.n.]$d1516 215 $aOnline resource ([22], 227 [i.e. 223], [1] c.) 300 $aReproduction of original in Biblioteca Nazionale Centrale di Firenze. 700 $aOvid$b 43 B.C.-17 A.D. or 18 A.D.$0154954 701 $aTomeo$b Niccolo? Leonico$f1456?-1531?.$00 701 $aPtolemy$factive 2nd century.$0190158 801 0$bUk-CbPIL 801 1$bUk-CbPIL 906 $aBOOK 912 $a9910481481603321 996 $aCla. Ptolemaei Inerrantium stellarum significationes per Nicolaum Leonicum è graeco translatae. 12. Romanorum menses in ueteribus monimentis Romae reperti. Sex priorum mensium digesto ex sex Ouidij Fastorum libris excerpta. P. Ouidij Nasonis Fastorum lib. 6. Tristium lib. 5. De Ponto lib. 4. In Ibin. Ad Liuiam. -Venezia: eredi di Aldo Manuzio 1. e Andrea Torresano 1. (Venetijs: in aedibus Aldi, et Andreae soceri, mense Ianuario 1516) (Venetijs: in aedibus Aldi, et Andreae soceri, mense Ianuario 1516)$92104005 997 $aUNINA